Forensic examination of hair /

The examination of human hair in the forensic science setting is a highly specialist discipline. This volume brings together for the first time all aspects of hair examination. Contributions have come from an international panel of experts.

Bibliographic Details
Corporate Author: Taylor & Francis
Other Authors: Robertson, J. (James), 1950-
Format: eBook
Language:English
Published: London : Taylor & Francis, ©1998.
Subjects:
Online Access:Connect to the full text of this electronic book

MARC

Tag First Indicator Second Indicator Subfields
LEADER 00000cam a2200000 a 4500
001 in00005517213
006 m o d
007 cr cn|||||||||
008 020927s1999 enka ob 001 0 eng d
005 20241106181559.1
035 |a (OCoLC)ocm50683483  
040 |a N$T  |b eng  |e pn  |c N$T  |d YDXCP  |d OCLCG  |d CUY  |d OCLCQ  |d BTCTA  |d IDEBK  |d CAI  |d CASUM  |d OCLCQ  |d MERUC  |d OCLCQ  |d OCLCO  |d OCLCF  |d OCLCQ  |d NLGGC  |d OCLCO  |d CRCPR  |d OCLCQ  |d SLY  |d OCLCQ  |d OCLCO  |d OCLCQ  |d TOA  |d AGLDB  |d OCLCO  |d YDX  |d OCLCQ  |d OCLCA  |d KIJ  |d VNS  |d OCLCO  |d VTS  |d OCLCO  |d REC  |d VT2  |d OCLCO  |d OCLCQ  |d WYU  |d OCLCO  |d OCLCA  |d STF  |d OCLCO  |d LEAUB  |d EBLCP  |d M8D  |d OCLCO  |d OCLCQ  |d OCLCA  |d U3G  |d UHL  |d OCLCQ  |d OCLCO  |d OCLCQ  |d INARC  |d OCLCQ  |d SFB  |d OCLCO  |d OCLCL  |d UKAHL 
019 |a 276792487  |a 312919451  |a 503059447  |a 880331043  |a 996407650  |a 999551799  |a 1027327172  |a 1055381439  |a 1062881039  |a 1077294533  |a 1081241200  |a 1084342182 
020 |a 0203483529  |q (electronic bk.) 
020 |a 9780203483527  |q (electronic bk.) 
020 |a 0748405674 
020 |a 9780748405671 
035 |a (OCoLC)50683483  |z (OCoLC)276792487  |z (OCoLC)312919451  |z (OCoLC)503059447  |z (OCoLC)880331043  |z (OCoLC)996407650  |z (OCoLC)999551799  |z (OCoLC)1027327172  |z (OCoLC)1055381439  |z (OCoLC)1062881039  |z (OCoLC)1077294533  |z (OCoLC)1081241200  |z (OCoLC)1084342182 
050 4 |a RB47.5  |b .F67 1998eb 
072 7 |a MED  |x 030000  |2 bisacsh 
082 0 4 |a 614/.1  |2 21 
084 |a D919. 2  |2 clc 
049 |a TXAM 
245 0 0 |a Forensic examination of hair /  |c edited by James Robertson. 
260 |a London :  |b Taylor & Francis,  |c ©1998. 
300 |a 1 online resource (xii, 267 pages) :  |b illustrations 
336 |a text  |b txt  |2 rdacontent 
337 |a computer  |b c  |2 rdamedia 
338 |a online resource  |b cr  |2 rdacarrier 
504 |a Includes bibliographical references and index. 
505 0 |a Physiology and growth of human hair / Harry Harding and George Rogers -- Forensic and microscopic examination of human hair / James Robertson -- Typing of DNA derived from hairs / Joseph A. DiZinno, Mark R. Wilson and Bruce Budowle -- Elemental analysis of hair for forensic application : a personal journey / John Goulding -- Drug analysis using hair / Ian R. Tebbett -- Forensic examination of hairs for cosmetic treatment / Debra Nelson and Peter De Forest -- Evidential value of hair examination / Barry D. Gaudette. 
588 0 |a Print version record. 
520 |a The examination of human hair in the forensic science setting is a highly specialist discipline. This volume brings together for the first time all aspects of hair examination. Contributions have come from an international panel of experts. 
650 0 |a Hair  |x Analysis. 
650 0 |a Drugs  |x Analysis. 
650 0 |a Chemistry, Forensic. 
650 1 2 |a Forensic Toxicology 
650 1 2 |a Hair 
650 6 |a Médicaments  |x Analyse. 
650 6 |a Chimie légale. 
650 7 |a MEDICAL  |x Forensic Medicine.  |2 bisacsh 
650 0 7 |a Hair  |x Analysis.  |2 cct 
650 0 7 |a Drugs  |x Analysis.  |2 cct 
650 0 7 |a Chemistry, Forensic.  |2 cct 
650 7 |a Chemistry, Forensic  |2 fast 
650 7 |a Drugs  |x Analysis  |2 fast 
650 7 |a Hair  |x Analysis  |2 fast 
655 4 |a Fulltext. 
655 4 |a Internet Resource. 
655 4 |a Illustration. 
700 1 |a Robertson, J.  |q (James),  |d 1950-  |1 https://id.oclc.org/worldcat/entity/E39PCjK4dPMXGJcCWXmRWVHWcP 
710 2 |a Taylor & Francis. 
758 |i has work:  |a Forensic examination of hair (Text)  |1 https://id.oclc.org/worldcat/entity/E39PCGQfBvRyH8fycRKPpXKHfm  |4 https://id.oclc.org/worldcat/ontology/hasWork 
776 0 8 |i Print version:  |t Forensic examination of hair.  |d London : Taylor & Francis, ©1998  |z 0748405674  |w (DLC) 99488041  |w (OCoLC)41582736 
856 4 0 |u http://proxy.library.tamu.edu/login?url=https://www.taylorfrancis.com/books/9780429232893  |z Connect to the full text of this electronic book  |t 0 
955 |a Taylor and Francis FORENSICnetBASE / LAWENFORCEMENTnetBASE 
994 |a 92  |b TXA 
999 f f |s c2ba193c-dec0-4193-9ac1-b836ac114143  |i 7881f11c-c1a2-4ce4-b963-cf9385abf9ad  |t 0 
952 f f |a Texas A&M University  |b College Station  |c Electronic Resources  |d Available Online  |t 0  |e RB47.5 .F67 1998eb  |h Library of Congress classification 
998 f f |a RB47.5 .F67 1998eb  |t 0  |l Available Online